Normal view
MARC view
Entry Topical Term
001 - CONTROL NUMBER
- control field: 21719
003 - CONTROL NUMBER IDENTIFIER
- control field: OSt
005 - DATE AND TIME OF LATEST TRANSACTION
- control field: 20230308213145.0
008 - FIXED-LENGTH DATA ELEMENTS
- fixed length control field: 230308|| aca||aabn | a|a d
040 ## - CATALOGING SOURCE
- Original cataloging agency: OSt
- Transcribing agency: OSt
150 ## - HEADING--TOPICAL TERM
- Topical term or geographic name entry element: မုၵ်ႉၸုမ်း (ၵိူင်း)-ပုတ်ႉထၽႃႇသႃႇ
670 ## - SOURCE DATA FOUND
- Source citation: Work cat.: (OSt): ပပ်ႉလိၵ်ႈမၢႆမီဢုပတ်ေပၺတ်ၶျတ်မုၵ်ႉၸုံးယုၵ်ႉသုင်ၽႆပတိပတ်တိုၵ်ၵံမထၼ်း (မူလ) မိၼ်းၵုၼ်းၸ်ေတဝုၼ်သႃသၼႃမၼ်ဢွင်